000 00340nam a2200145Ia 4500
008 230917s9999||||xx |||||||||||||| ||und||
040 _e47788
_aMAIN
041 _aEnglish
082 _a853.9 M797C
100 _aMoravia, Alberto
245 0 _aConjugal love
260 _aEngland
_bPenguin Books
_c1964
300 _a151 p.
942 _cBK
999 _c228921
_d228921